Extinct Animals - Sudden Death - Statistics

General Stats
  • This quiz has been taken 501 times
  • The average score is 9 of 16
Answers on the Grid
Answers color-coded by a green-red scale on the quiz's grid according to % correct below.
Ammonite
Archaeopteryx
Auroch
Aye-aye
Bactrian camel
Bilby
Caiman
Cassowary
Cave bear
Dodo
Emperor Penguin
Field vole
Great Auk
Green iguana
Humpback whale
Japanese quail
Javan tiger
Leatherback turtle
Lesser kudu
Mammoth
Mandrill
Mastodon
Megalodon
Moa
Orangutan
Osprey
Pinta giant tortoise
Quagga
Seven-banded armadillo
Smilodon
Thylacine
Triceratops
 
Answer Stats
Answer % Correct
Dodo
79%
Megalodon
79%
Mammoth
78%
Triceratops
77%
Archaeopteryx
70%
Mastodon
66%
Javan tiger
58%
Smilodon
58%
Thylacine
52%
Cave bear
51%
Moa
50%
Great Auk
49%
Ammonite
41%
Auroch
40%
Pinta giant tortoise
37%
Quagga
32%
No matching quizzes found
Score Distribution
Percent of People with Each Score
Percentile by Number Answered
Your Score History
You have not taken this quiz